Alle Städte an der Leine - Statistiken

Allgemein
  • Dieses Quiz wurde 82 mal gespielt
  • Das Durchschnittsergebnis liegt bei 8 aus 16
Antwortstatistiken
Einwohner Stadt Bundesland % Korrekt
534.049 Hannover NI
98%
116.845 Göttingen NI
87%
61.021 Garbsen NI
67%
41.854 Laatzen NI
63%
29.092 Northeim NI
63%
20.115 Leinefelde-Worbis TH
52%
30.449 Einbeck NI
48%
34.260 Seelze NI
48%
41.480 Wunstorf NI
48%
18.478 Alfeld (Leine) NI
46%
44.586 Neustadt am Rübenberge NI
46%
10.711 Gronau (Leine) NI
35%
17.129 Heilbad Heiligenstadt TH
33%
19.392 Sarstedt NI
31%
8.975 Elze NI
28%
14.625 Pattensen NI
24%
Keine übereinstimmenden Quizze gefunden
Verteilung der Resultate
Anzahl Personen mit jedem Resultat
Perzentil nach korrekt beantworteten Fragen
Ihre Resultats-Entwicklung
Sie haben dieses Quiz noch nicht gespielt